000 00403nam a2200157Ia 4500
008 220803s9999 xx 000 0 und d
041 _aeng
082 _a711.4 MAN
100 _aMankar S
_928886
245 _aSatbara V Hak Nond
260 _aPune
_bChaudhari Law Publishers
_c2011
300 _a288p
500 _aArchitecture
650 _aUrban Design / Planning
_928887
700 _aMankar S
_928886
999 _c18199
_d18199